|
|
|
|
| LEADER |
00892cam a2200229 7i4500 |
| 001 |
0000037902 |
| 005 |
20170218090000.0 |
| 008 |
110411 eng |
| 020 |
|
|
|a 9780262122290
|
| 020 |
|
|
|a 0262122294 (hbk.)
|
| 040 |
|
|
|a DLC
|
| 090 |
0 |
0 |
|a TR25.B66
|b P46 2000
|
| 245 |
0 |
0 |
|a Photography in Boston, 1955-1985
|c edited by Rachel Rosenfield Lafo and Gillian Nagler.
|
| 260 |
|
|
|a Cambridge, MA:
|b MIT Press,
|c 2000.
|
| 300 |
|
|
|a xi, 193 p.:
|b col. ill.;
|c 27 cm.
|
| 504 |
|
|
|a Includes bibliographical references and index
|
| 650 |
0 |
0 |
|a Photography --
|x History --
|y 20th century --
|z Massachusetts --
|z Boston
|
| 700 |
1 |
|
|a Lafo, Rachel Rosenfield
|
| 700 |
1 |
|
|a Nagler, Gillian
|
| 997 |
|
|
|a Communication, Visual Art & Computing, Faculty
|b Visual Art, Department
|
| 998 |
|
|
|a Photographic Technology, Diploma
|
| 999 |
|
|
|a 0000049456
|b BOK
|c OPEN SHELF
|e 2nd Floor, Bestari Jaya
|